000 00607nam a22002177a 4500
003 UA-OsUOA
001 121425
007 ta
008 20170320b un ||||| |||| 00| 0 ukr d
100 _aЦимбал Я.
090 _a82
_bЦ61
942 _cSA
040 _aUA-OsUOA
_bukr
_cUA-OsUOA
_dUA-OsUOA
245 _aЛеся Українка, Булгаков і Кубань
300 _aС.40-44
955 _a0
041 _aukr
080 _a82
773 0 _w121422
_tУкраїнський тиждень
_dК.
_d2017
_g11
650 7 _a82 Література. Літературознавство
_2UDC
999 _c407510
_d407510